Control of hospital infection: a practical handbook. -- 4th ed. (Record no. 31157)

MARC details
000 -LEADER
fixed length control field 00781nam a2200193 a 4500
008 - FIXED-LENGTH DATA ELEMENTS--GENERAL INFORMATION
fixed length control field 120206s2000 ||||||||||||||||| || u
020 ## - INTERNATIONAL STANDARD BOOK NUMBER
International Standard Book Number 0340759119
050 ## - LIBRARY OF CONGRESS CALL NUMBER
Classification number RA 969 Con
100 ## - MAIN ENTRY--PERSONAL NAME
Personal name Ayliffe, Graham A. J
245 10 - TITLE STATEMENT
Title Control of hospital infection: a practical handbook. -- 4th ed.
Statement of responsibility, etc. edited by Graham A. J. Ayliffe; [and others]
250 ## - EDITION STATEMENT
Edition statement 4th ed.
260 ## - PUBLICATION, DISTRIBUTION, ETC.
Place of publication, distribution, etc. London:
Name of publisher, distributor, etc. Arnold
Date of publication, distribution, etc. 2000
300 ## - PHYSICAL DESCRIPTION
Extent xi, 401p.: ill.
350 ## -
-- 0.00
650 ## - SUBJECT ADDED ENTRY--TOPICAL TERM
Topical term or geographic name entry element SANITATION--DEVELOPING COUNTRIES
650 ## - SUBJECT ADDED ENTRY--TOPICAL TERM
Topical term or geographic name entry element HOSPITAL BUILDINGS--SANITATION
650 #0 - SUBJECT ADDED ENTRY--TOPICAL TERM
Topical term or geographic name entry element NOSOCOMIAL INFECTIONS--PREVENTION
995 ## -
-- MEDICAL LIBRARY OPEN ACCESS
-- 0.00
-- 742750
-- CBU-SCHOOL OF MEDICINE LIBRARY (Ndola)
-- 1
-- 0.00
-- RA 969 CON
-- 1
-- AVAILABLE
-- Mar 29, 2012
-- 742750
-- Medical Library Open Access Collection
999 ## -
-- 31157
-- 31157
Holdings
Withdrawn status Lost status Source of classification or shelving scheme Damaged status Not for loan Permanent Location Current Location Shelving location Date acquired Total Checkouts Full call number Barcode Date last seen Price effective from Koha item type
          CBU-SCHOOL OF MEDICINE LIBRARY, NDOLA. CBU-SCHOOL OF MEDICINE LIBRARY, NDOLA.   11/30/2022   RA 969 Con 742750 11/30/2022 11/30/2022 MONOGRAPH